000 01261nam0a2200337 i 4500
001 RU\NLR\bibl\1973477
005 20260406082742.0
010 _a9785373050432
_92500
021 _aRU
_b2012-88027
_96513
035 _a(NLR Aleph) 001962289
090 _a3842008
_c3842008
100 _a20121130d2013 u y0rusy50 ca
101 0 _arus
102 _aRU
105 _ay |||||||||
200 1 _aМифология "голодомора"
_fЕ. Прудникова, И. Чигирин
210 _aМосква
_cОлма Медиа Групп
_d2013 (т.е. 2012)
215 _a524, [1] с.
_d22
300 _aКн. фактически изд. в 2012 г.
320 _aБиблиогр. в подстроч. примеч.
606 _aГолод
_yУкраина
_z1932 - 1933
_92309179
_3RU\NLR\auth\661382097
686 _aТ3(2)714-209
686 _aУ9(2)-982(2Ук)
700 1 _4070
_8rus
_7ca
_aПрудникова
_bЕ. А.
_cжурналист
_f1958-
_gЕлена Анатольевна
_3RU\NLR\auth\7748368
_931303
701 1 _aЧигирин
_bИ. И.
_gИван Иванович
_4070
801 0 _aRU
_bNLR
_c20121130
_gRCR
801 1 _aRU
_bNLR
_c20121130
830 _a2-й авт. по ЭК
942 _cBOOK
980 _aNBR